000 00288nam a2200109Ia 4500
008 220204s9999 xx 000 0 und d
082 _a594.38
_bSOU
100 _aSouth, A
245 0 _aTerrestrial slugs: Biology, ecology and control
260 _aLondon
_bChapman& Hall
_c1992
942 _cBK
999 _c41464
_d41464